000 00560nam a22002417a 4500
003 UA-OsUOA
001 16786
007 ta
008 20030520b un ||||| |||| 00| 0 ukr d
100 _aНаконечний Ф.Й.
090 _bН-223
942 _cBK
040 _aUA-OsUOA
_bukr
_cUA-OsUOA
_dUA-OsUOA
245 _aТелевізійними стежками
300 _a166 с.
955 _a0
041 _aukr
020 _a966--7643-13-1
591 _a85.38
260 _aРівне
_c2003
044 _aUA
650 7 _aІсторія
_2UDC
999 _c302952
_d302952